书目信息 |
| 题名: |
英语泛读教程
|
|
| 作者: | 刘乃银 主编 | |
| 分册: | ||
| 出版信息: | 北京 高等教育出版社 2000.06 |
|
| 页数: | 277页 | |
| 开本: | 20cm | |
| 丛书名: | ||
| 单 册: | ||
| 中图分类: | H319.4 | |
| 科图分类: | ||
| 主题词: | 英语 | |
| 电子资源: | ||
| ISBN: | 7-04-008022-2 | |
| 000 | 00569nam0 2200193 450 | |
| 001 | 0856209864 | |
| 005 | 20081017153855.26 | |
| 010 | @a7-04-008022-2@dCNY20.50 | |
| 100 | @a20081017d2000 km y0chiy0120 ea | |
| 101 | 0 | @achi |
| 102 | @aCN@b110000 | |
| 200 | 1 | @a英语泛读教程@Aying yu fan du jiao cheng@f刘乃银主编@Fliu nai yin zhu bian |
| 210 | @a北京@c高等教育出版社@d2000.06 | |
| 215 | @a277页@d20cm | |
| 606 | 0 | @a英语 |
| 690 | @aH319.4@v4 | |
| 701 | 0 | @a刘乃银@Aliu nai yin@4主编 |
| 801 | 0 | @aCN@b大连网信软件有限公司图书馆·11@c20081017 |
| 905 | @aZUCC@dH319.4@eL6501 | |
| 英语泛读教程/刘乃银主编.-北京:高等教育出版社,2000.06 |
| 277页;20cm |
| ISBN 7-04-008022-2:CNY20.50 |
| ● |
| 相关链接 |
|
|
|
正题名:英语泛读教程
索取号:H319.4/L6501
 
预约/预借
| 序号 | 登录号 | 条形码 | 馆藏地/架位号 | 状态 | 备注 |
| 1 | 454065 | 204540657 | 自科二线504/504自科库 45排1列2层/ [索取号:H319.4/L6501] | 在馆 | |
| 2 | 454066 | 204540666 | 自科二线504/504自科库 45排1列2层/ [索取号:H319.4/L6501] | 在馆 | |
| 3 | 454067 | 204540675 | 自科二线504/504自科库 45排1列2层/ [索取号:H319.4/L6501] | 在馆 | |
| 4 | 454068 | 204540684 | 自科二线504/504自科库 45排1列2层/ [索取号:H319.4/L6501] | 在馆 | |
| 5 | 454069 | 204540693 | 自科二线504/504自科库 45排1列2层/ [索取号:H319.4/L6501] | 在馆 | |
| 6 | 454070 | 204540700 | 自科二线504/504自科库 45排1列2层/ [索取号:H319.4/L6501] | 在馆 | |
| 7 | 454071 | 204540719 | 自科二线504/504自科库 45排1列2层/ [索取号:H319.4/L6501] | 在馆 | |
| 8 | 454072 | 204540728 | 自科二线504/504自科库 45排1列2层/ [索取号:H319.4/L6501] | 在馆 | |
| 9 | 454073 | 204540737 | 自科二线504/504自科库 45排1列2层/ [索取号:H319.4/L6501] | 在馆 | |
| 10 | 454074 | 204540746 | 自科二线504/504自科库 45排1列2层/ [索取号:H319.4/L6501] | 在馆 | |
| 11 | 454075 | 204540755 | 自科二线504/209语言库 40排7列4层/ [索取号:H319.4/L6501] | 在馆 | |
| 12 | 454076 | 204540764 | 自科二线504/504自科库 45排1列2层/ [索取号:H319.4/L6501] | 在馆 | |
| 13 | 454077 | 204540773 | 自科二线504/504自科库 45排1列2层/ [索取号:H319.4/L6501] | 在馆 | |
| 14 | 454078 | 204540782 | 自科二线504/504自科库 45排1列2层/ [索取号:H319.4/L6501] | 在馆 | |
| 15 | 454079 | 204540791 | 自科二线504/504自科库 45排1列2层/ [索取号:H319.4/L6501] | 在馆 | |
| 16 | 454080 | 204540808 | 自科二线504/504自科库 45排1列2层/ [索取号:H319.4/L6501] | 在馆 | |
| 17 | 454081 | 204540817 | 自科二线504/504自科库 45排1列2层/ [索取号:H319.4/L6501] | 在馆 | |
| 18 | 454082 | 204540826 | 自科二线504/504自科库 45排1列2层/ [索取号:H319.4/L6501] | 在馆 | |
| 19 | 454083 | 204540835 | 自科二线504/504自科库 45排1列2层/ [索取号:H319.4/L6501] | 在馆 | |
| 20 | 454084 | 204540844 | 自科二线504/504自科库 45排1列2层/ [索取号:H319.4/L6501] | 在馆 | |
| 21 | 454085 | 204540853 | 自科二线504/504自科库 45排1列2层/ [索取号:H319.4/L6501] | 在馆 | |
| 22 | 454086 | 204540862 | 自科二线504/504自科库 45排1列2层/ [索取号:H319.4/L6501] | 在馆 | |
| 23 | 454087 | 204540871 | 自科二线504/504自科库 45排1列2层/ [索取号:H319.4/L6501] | 在馆 | |
| 24 | 454088 | 204540880 | 自科二线504/504自科库 45排1列2层/ [索取号:H319.4/L6501] | 在馆 | |
| 25 | 454089 | 204540899 | 自科二线504/504自科库 45排1列2层/ [索取号:H319.4/L6501] | 在馆 | |
| 26 | 454090 | 204540906 | 自科二线504/504自科库 45排1列2层/ [索取号:H319.4/L6501] | 在馆 | |
| 27 | 454091 | 204540915 | 自科二线504/504自科库 45排1列2层/ [索取号:H319.4/L6501] | 在馆 | |
| 28 | 454092 | 204540924 | 自科二线504/504自科库 45排1列2层/ [索取号:H319.4/L6501] | 在馆 | |
| 29 | 454093 | 204540933 | 自科二线504/504自科库 45排1列2层/ [索取号:H319.4/L6501] | 在馆 | |
| 30 | 454094 | 204540942 | 自科二线504/504自科库 45排1列2层/ [索取号:H319.4/L6501] | 在馆 |